书目信息 |
| 题名: |
菲律宾社会与革命
|
|
| 作者: | 阿马多·格雷罗 著 ;陈锡标 译 | |
| 分册: | ||
| 出版信息: | 北京 人民出版社 1972.10 |
|
| 页数: | 286页 | |
| 开本: | 20cm | |
| 丛书名: | ||
| 单 册: | ||
| 中图分类: | K341.0 | |
| 科图分类: | ||
| 主题词: | 亚洲--历史 | |
| 电子资源: | ||
| ISBN: | ||
| 000 | 00658nam0 2200229 45 | |
| 001 | 0212190981 | |
| 005 | 20031219104102.5 | |
| 010 | @dCNY0.80 | |
| 091 | @a3001.1061 | |
| 100 | @a20021219d1972 km y0chiy0120 ea | |
| 101 | 0 | @achi |
| 105 | @a z 000yy | |
| 200 | 1 | @a菲律宾社会与革命@AFei Lu Bin She Hui Yu Ge Ming@f(菲)阿马多·格雷罗著@F(Fei)A Ma Duo·Ge Lei Luo Zhu@g陈锡标译 |
| 210 | @a北京@c人民出版社@d1972.10 | |
| 215 | @a286页@d20cm | |
| 300 | @a内部发行 | |
| 606 | 0 | @a亚洲@x历史 |
| 690 | @aK341.0@v3 | |
| 701 | 0 | @a阿马多·格雷罗@4著 |
| 702 | 0 | @a陈锡标@AChen Xi Biao@4译 |
| 801 | @aCN@bTSTC@c20021219 | |
| 905 | @f1@b219202@dK341.0@e2 | |
| 菲律宾社会与革命/(菲)阿马多·格雷罗著/陈锡标译.-北京:人民出版社,1972.10 |
| 286页;20cm |
| 内部发行 |
| ISBN :CNY0.80 |
| ● |
| 相关链接 |
|
|
|
|
正题名:菲律宾社会与革命
索取号:K341.0/2
 
预约/预借
| 序号 | 登录号 | 条形码 | 馆藏地/架位号 | 状态 | 备注 |
| 1 | 0219202 | 001746212 | 第二样本阅览室/ [索取号:K341.0/2] | 在馆 |